składy pge ekstraliga 2019 - Statystyki

Ogólne statystyki
  • Ten quiz został rozwiązany 281 razy
  • Średni wynik to 46 z 72
Statystyki odpowiedzi
Hint % Poprawnych
zmarzlik
93%
laguta
92%
laguta
92%
wrocław woffinden
89%
dudek
88%
janowski
88%
kołodziej
88%
kubera
88%
madsen
88%
pawlicki
87%
pawlicki
87%
pedersen
87%
toruń Holder
86%
Holder
86%
vaculik
86%
smektała
85%
Doyle
83%
lampart
82%
lampart
82%
hampel
81%
protasiewicz
81%
częstochowa lindgren
80%
michelsen
79%
drabik
77%
sayfutdinov
76%
miśkowiak
75%
woźniak
75%
miedziński
74%
przedpełski
73%
thomsen
73%
Iversen
72%
kasprzak
70%
Holta
68%
zagar
68%
lambert
66%
karczmarz
65%
lidsey
65%
miesiąc
65%
chugunov
64%
zielona góra jepsen jensen
64%
milik
63%
buczkowski
61%
fricke
60%
leszno kurtz
60%
trofymow
60%
Kopeć-Sobczyński
57%
krakowiak
57%
tonder
57%
grudziądz bjerre
56%
liszka
56%
lublin jonsson
55%
bartkowiak
54%
lindbaeck
54%
gorzów kildemand
52%
gruchalski
49%
jamróg
49%
Kościuch
46%
Bogdanowicz
43%
pawliczak
43%
smolinski
42%
rolnicki
39%
turowski
38%
niedźwiedż
35%
szczotka
35%
wojdyło
33%
dróżdż
29%
wieczorek
29%
jakobsen
27%
Nizgorski
23%
ellis
21%
lakhbaum
21%
pytlewski
18%
Nie znaleziono quizów pasujących do podanych kryteriów
Rozkład punktacji
Procent ludzi z każdym wynikiem
Percentyl według liczby udzielonych odpowiedzi
Twoja historia wyników
Nie rozwiązałeś tego quizu